Explorations in economic history

Enregistré dans:
Détails bibliographiques
Format: Publication en série
Langue:anglais
Publié: New York Academic Press
Tags: Ajouter un tag
Pas de tags, Soyez le premier à ajouter un tag!

MARC

LEADER 00000nas1a2200000$$$4500
001 0010884
005 20250730114820.0
041 0 |a eng 
044 |a US 
245 1 0 |a Explorations in economic history 
264 1 |a New York  |b Academic Press